| 000 | 00829nam a2200253 a 4500 | ||
|---|---|---|---|
| 001 | 000020870 | ||
| 005 | 20200930011159.0 | ||
| 008 | 100818s1977 mx 0 0 d spa d | ||
| 040 |
_aDO-SdBNP _bspa _cBNPHU |
||
| 082 |
_a862.3 _bV422t, 1977 |
||
| 100 | 1 |
_aVega, Lope de, _d1562-1635 _93084 |
|
| 245 | 1 | 0 |
_aTeatro / _cLope de Vega ; estudio preliminar y edición de Guillermo de Torre. |
| 250 | _a10a ed. | ||
| 260 |
_aMéxico : _bCumbre, _c1977. |
||
| 300 |
_aLxxii, 371 p. ; _c21 cm. |
||
| 490 | 1 | _aLos clásicos | |
| 505 | 1 | _aFuenteovejuna -- Peribáñez y el comendador de Ocaña -- El caballero de Olmedo -- La dama boba. | |
| 650 | 4 |
_aTeatro español _93071 |
|
| 650 | 4 |
_aLiteratura española _9632 |
|
| 700 | 1 |
_aTorre, Guillermo de, _eed. _941620 |
|
| 830 | 0 |
_aLos clásicos _943697 |
|
| 910 | _aWM | ||
| 049 | _aBNGR | ||
| 999 |
_c20373 _d20373 |
||